000 00899nam a2200229 a 4500
003 CBULib
005 20231117084858.0
008 120823s2011 ||||||||||||||||| || u
040 _aCBULib
_bEnglish
_cCBULib
_erda
041 _aeng
050 _aUNCTAD(02)2011/10
110 _aUnited Nations Conference on Trade and Development (UNCTAD)
245 1 0 _aReflections on a future trade facilitation agreement: implementation of WTO obligations: a comparison of existing WTO provisions
_c/ by United Nations Conference on Trade and Development (UNCTAD)
260 _aNew York :
_bUnited Nations,
_c2011.
300 _avi, 55 pages : illustrations
336 _2rdacontent
_aText |
_btxt
337 _2rdamedia
_aUnmediated |
_bn
338 _2rdacarrier
_aVolume
_bnc
650 _aINTERNATIONAL TRADE AGREEMENTS
942 _2mc
_c029
999 _c55836
_d55836